Közgazdasági Lexikon
| Main Author: | |
|---|---|
| Format: | Book |
| Language: | Undetermined |
| PhysicalDescription: | 820 s. |
| Published: |
Budapest
Pallas Irodalmi
1901
|
MARC
| LEADER | 00000nam a2200000 a 4500 | ||
|---|---|---|---|
| 001 | vtls001355355 | ||
| 003 | SK-MaSNL | ||
| 005 | 20260301114927.0 | ||
| 008 | 240314s1901 xx 0 und | ||
| 035 | |a SNK000308813 | ||
| 040 | |a SNK |b slo |c SNK |e AACR2 | ||
| 041 | 0 | |a und | |
| 044 | |a xx | ||
| 100 | 1 | |a Halász, Sándor |4 aut |9 386713 | |
| 245 | 1 | 0 | |a Közgazdasági Lexikon |
| 260 | |a Budapest |b Pallas Irodalmi |c 1901 | ||
| 300 | |a 820 s. | ||
| 958 | |a ONDV | ||
| 999 | |c 720277 |d 722207 | ||
| 952 | |t P60, <04>, [BOOK], {604} |a SNK |b SNK |y VYP |7 0 |p 17A0180840 |o snkIB 3406/3 |0 0 |1 0 |4 0 |d 1999-02-16 |l 0 |r 2005-01-02 00:00:00 |w 2026-02-23 | ||


